000 00832pam a2200265 a 4500
001 4417442
003 OSt
005 20240702150518.0
008 931222s1994 nyua 001 0 eng
010 _a 93049083
020 _a0673469794
040 _aDDC
_cMUST
082 0 0 _a330 LIB 1994
_220
100 1 _aLipsey, Richard G.,
_918238
245 1 0 _aEconomics /
_cRichard G. Lipsey, Paul N. Courant, Douglas D. Purvis.
250 _a8th Canadian ed.
260 _aNew York :
_bHarperCollins College Publishers,
_c1994.
300 _axxv, 874 p.:
_bcol. ill. ;
_c27 cm.
504 _aIncludes index.
650 0 _aEconomics.
_9975
700 1 _aCourant, Paul N.
_918369
700 1 _aPurvis, Douglas D.
_918370
942 _2ddc
_cO_SHELF
999 _c9037
_d9037